01397nam a2200289 a 450000100100000000500170001000800410002702000180006804000260008610000360011224501330014826000720028130000210035349000910037449000250046550400730049050400310056350000700059470000390066470000470070370000460075071000610079683000960085783000320095395201050098599900170109000004326420250909091242.0140303s2009 sp 000 0 spa d a9788483470930 aDO-SdBNPbspiacBNPHU1 aMársal, Juan Francisco97087310aprólogo de Benjamín Oltra ; edición e introducción de Juan Jesús Morales Martín y M. Carmen Rodríguez Rodríguez. aMadrid :bAgencia Española de Cooperación Internacional,c2009. a266 p. ;c24 cm.1 aAntología del pensamiento político, social y económico de América latina ;v111 aCiencias y humanismo aIncluye referencias bibliográficas y notas al pie de las páginas aBibliografía :p. 263-266 aIncluye datos biográficos del autor en al solapa de la cubierta1 aOltra, Benjamín,epról.9708741 aMorales Martín, Juan Jesúseed.9708751 aRodríguez Rodríguez, M. Carmen9708762 aAgencia Española de Cooperación Internacional934585 0aAntología del pensamiento político, social y económico de América latinav11970870 0aCiencias y humanismo970218 001050718MOaGRbGRcCTd2014-03-03iLF1l0o p43264-10r2020-06-25w2020-06-25y1ZNo se presta c42753d42753